21 expressions selected artists from 21 countries

Bibliographic Details
Main Authors: Suzlee Ibrahim (Author), Prabhinder Singh Lall (Author)
Format: Book
Subjects:

MARC

LEADER 00000cam a2200000 7i4500
001 0000091793
005 20230705164843.0
020 |a 9789832538851 
041 0 |a English 
090 0 0 |a 709.22   |b SUZ 
100 0 |a Suzlee Ibrahim ,   |e (author) 
245 1 0 |a 21 expressions selected artists from 21 countries   |c Suzlee Ibrahim 
246 0 |a Twenty first expressions selected artists from twenty first countries 
264 0 |a Kuala Lumpur, Malaysia :   |b Penerbit Akademi Seni Budaya dan Warisan Kebangsaan   |c 2022 
300 |a 228 pages :   |b chiefly color illustrations ;   |c 31 cm. 
500 |a Edaran bahan di HQ, PAC Mersing, PAC Pontian 
541 |c Donation book   |f Penerbit Akademi Seni Budaya dan Warisan Kebangsaan 
650 0 |a Artists   |v Biography 
650 0 |a Government publications   |z Malaysia 
700 0 |a Prabhinder Singh Lall ,   |e author 
999 |a 0001730596   |b Book   |c Adult Collection   |e Perbadanan Perpustakaan Awam Johor 
999 |a 0001730597   |b Book   |c Adult Collection   |e Perbadanan Perpustakaan Awam Johor 
999 |a 0001730598   |b Book   |c Adult Collection   |e Perbadanan Perpustakaan Awam Johor